header

Research report on the socialist legal system with Chinese characteristics (Record no. 41290)

MARC details
000 -LEADER
fixed length control field 01361nam a2200337 a 4500
245 00 - TITLE STATEMENT
Title Research report on the socialist legal system with Chinese characteristics
260 ## - PUBLICATION, DISTRIBUTION, ETC. (IMPRINT)
Place of publication Singapore :
Name of publisher Enrich Professional Pub.,
Year of publication 2013.
300 ## - PHYSICAL DESCRIPTION
Number of Pages 187 p.
490 0# - SERIES STATEMENT
Series statement Research report on the socialist legal system with Chinese characteristics ;
650 #0 - SUBJECT ADDED ENTRY--TOPICAL TERM
Topical Term Sociological jurisprudence
Topical Term Law and socialism.
700 1# - ADDED ENTRY--PERSONAL NAME
Personal name Jingwen, Zhu.
Personal name Dayuan, Han.
856 40 - ELECTRONIC LOCATION AND ACCESS
Uniform Resource Identifier http://site.ebrary.com/lib/rucke/Doc?id=10715706

No items available.

© 2026 Rongo University
Contact us: librarian | system librarian | Rongo university